000
00335 a2200145 4500
001
169003
020
_a
040
_c
Magnum
100
_a
Moreira, Antonio Flavio Barbosa (Org.)
240
1
0
_a
Curriculo: politicas e praticas
_l
por
245
1
0
_a
Curriculo: politicas e praticas
362
0
_a
1899
697
_a
GERAL
942
_c
BK
999
_c
169003
_d
169003